Historia Universal / (Record no. 165133)
[ view plain ]
| 000 -LEADER | |
|---|---|
| campo de control de longitud fija | 01208nam a2200241 i 4500 |
| 001 - NÚMERO DE CONTROL | |
| campo de control | 165133 |
| 003 - IDENTIFICADOR DE NÚMERO DE CONTROL | |
| campo de control | ES-MaACL |
| 005 - FECHA Y HORA DE LA ÚLTIMA TRANSACCIÓN | |
| campo de control | 20250815062611.0 |
| 008 - DATOS DE LONGITUD FIJA--INFORMACIÓN GENERAL | |
| campo de control de longitud fija | 950111m18301838sp |||| | spa d |
| 040 ## - FUENTE DE CATALOGACIÓN | |
| Centro catalogador/agencia de origen | EUS |
| Lengua de catalogación | spa |
| Centro/agencia transcriptor | EUS |
| 100 1# - ENTRADA PRINCIPAL--NOMBRE DE PERSONA | |
| Nombre de persona | Ségur, Paul Philippe Ségur |
| Títulos y otros términos asociados al nombre | Conde de. |
| 9 (RLIN) | 133091 |
| 245 10 - MENCIÓN DEL TÍTULO | |
| Título | Historia Universal / |
| Mención de responsabilidad, etc. | por el Conde de Segur ; traducida al español por Alberto Lista con correcciones, notas y adiciones. |
| 260 ## - PUBLICACIÓN, DISTRIBUCIÓN, ETC. | |
| Lugar de publicación, distribución, etc. | Madrid : |
| Nombre del editor, distribuidor, etc. | [s.n.], |
| Fecha de publicación, distribución, etc. | 1830-1838 ( |
| Fabricante | Oficina de D. L. Amarita [etc.]) |
| 300 ## - DESCRIPCIÓN FÍSICA | |
| Extensión | 30 v. ; |
| Dimensiones | 17 cm. |
| 500 ## - NOTA GENERAL | |
| Nota general | Los cinco últimos tomos constituyen la "Historia de España" por Alberto Lista. |
| 505 8# - NOTA DE CONTENIDO CON FORMATO | |
| Nota de contenido con formato | Contiene: T. I-VIII. Historia antigua -- T. IX-XX. Historia moderna -- T. XXI-XXV. Historia de Francia -- T. XXVI-XXX. Historia de España |
| 596 ## - NOTA AL PIE DE IMPRENTA | |
| NOTA AL PIE DE IMPRENTA | Cambios de imp.: t.1: Oficina de Amarita ; t. 2-5: D. F. Moreno ; t. 6-13: Oficina de D. J. Palacios ; t. 14-20: Tomás Jordan ; t. 21-23: José Palacios ; t. 24-30: Imp. de la Real Compañia. |
| 650 #7 - PUNTO DE ACCESO ADICIONAL DE MATERIA--TÉRMINO DE MATERIA | |
| Término de materia o nombre geográfico como elemento de entrada | Historia universal |
| Fuente del encabezamiento o término | embne |
| 9 (RLIN) | 13429 |
| 700 1# - ENTRADA AGREGADA--NOMBRE PERSONAL | |
| Nombre de persona | Lista y Aragón, Alberto, |
| Fechas asociadas al nombre | 1775-1848 |
| 9 (RLIN) | 72559 |
| 852 ## - LOCALIZACIÓN | |
| Ubicación | ES-MaACL |
| Número de control de estantería | C-17833-62 |
| Nota libre | -- Enc. hol. |
| Estatus retirado | Estado de pérdida | Estado de daño | No para préstamo | Colección | Biblioteca de origen | Biblioteca actual | Ubicación en estantería | Fecha de adquisición | Total de préstamos | Signatura topográfica completa | Código de barras | Visto por última vez | Precio de reemplazo | Tipo de ítem Koha |
|---|---|---|---|---|---|---|---|---|---|---|---|---|---|---|
| Libros del s. XIX | Biblioteca del Ateneo de Madrid | Biblioteca del Ateneo de Madrid | Mesetón | 17/01/2008 | C-17833-62 | 1173147 | 23/02/2023 | 23/02/2023 | Libro impreso antiguo |
